[Event "John Bishop Minor 2017"]
[Site "Cardiff"]
[Date "2017.04.17"]
[Round "7.6"]
[White "Langmaid, Kevin"]
[Black "Chong, Kimberly"]
[Result "1-0"]
[WhiteElo "1562"]
[BlackElo "1441"]
[PlyCount "135"]
[EventDate "2017.04.14"]
[EventType "swiss"]
[EventRounds "7"]
[EventCountry "WLS"]
[SourceDate "2017.05.27"]

1. e4 c5 2. Nf3 d6 3. d4 cxd4 4. Nxd4 Nf6 5. Nc3 a6 6. Bg5 e5 7. Nb3 Be7 8. f3
O-O 9. Qd2 Be6 10. O-O-O Nc6 11. Bxf6 Bxf6 12. Qxd6 Qxd6 13. Rxd6 Rad8 14. Rxd8
Rxd8 15. Nc5 Bc8 16. Nd5 Bg5+ 17. Kb1 Ne7 18. Bc4 b5 19. Bb3 Nxd5 20. Bxd5 Be7
21. Nd3 Bd6 22. c3 Kf8 23. g3 f5 24. Rf1 Ke7 25. Kc2 Rf8 26. f4 fxe4 27. Bxe4
exf4 28. Nxf4 Kd8 29. Rf3 Bg4 30. Rd3 Kc7 31. Nd5+ Kb8 32. Ne3 Bf3 33. Rxd6
Bxe4+ 34. Kb3 Rf2 35. Rxa6 Rxh2 36. Rb6+ Kc7 37. Rxb5 Re2 38. Nf5 g6 39. Nd4
Rg2 40. Rg5 h6 41. Rg4 Bd5+ 42. Ka3 g5 43. b3 Kd6 44. Nf5+ Ke6 45. Nxh6 Kf6 46.
Rd4 Bf3 47. Rd6+ Ke5 48. Nf7+ Kf5 49. c4 Rxg3 50. Kb4 g4 51. a4 Rh3 52. Nh6+
Rxh6 53. Rxh6 g3 54. Rh8 g2 55. Rg8 Kf4 56. Rxg2 Bxg2 57. Kc5 Ke5 58. b4 Ke6
59. Kb6 Kd7 60. c5 Kc8 61. c6 Bd5 62. b5 Be6 63. a5 Kb8 64. Kc5 Ka8 65. Kd6 Bc8
66. Kc7 Bf5 67. b6 Bc8 68. b7+ 1-0

[Event "John Bishop Minor 2017"]
[Site "Cardiff"]
[Date "2017.04.17"]
[Round "7.7"]
[White "Davies, Gareth"]
[Black "Farhadi, Mohammad"]
[Result "1/2-1/2"]
[WhiteElo "1340"]
[BlackElo "1261"]
[PlyCount "65"]
[EventDate "2017.04.14"]
[EventType "swiss"]
[EventRounds "7"]
[EventCountry "WLS"]
[SourceDate "2017.05.27"]

1. d4 Nf6 2. Nf3 d5 3. Bf4 Bf5 4. e3 a6 5. c3 Nc6 6. Bd3 Qd7 7. Qc2 Ne4 8. Nbd2
Qe6 9. O-O Rc8 10. Rac1 h6 11. c4 Na5 12. Qa4+ Nc6 13. cxd5 Qxd5 14. Qc4 Qxc4
15. Bxc4 e6 16. a3 Bd6 17. Bxd6 cxd6 18. Nxe4 Bxe4 19. Nd2 Bf5 20. Be2 d5 21.
Rc3 O-O 22. Rfc1 e5 23. dxe5 Nxe5 24. Rxc8 Rxc8 25. Rxc8+ Bxc8 26. Nf3 Nc4 27.
Bxc4 dxc4 28. Kf1 b5 29. Nd4 Bb7 30. f3 Kf8 31. Ke1 Ke7 32. Kd2 Kd7 33. Kc3
1/2-1/2

[Event "John Bishop Minor 2017"]
[Site "Cardiff"]
[Date "2017.04.17"]
[Round "7.8"]
[White "Smith, Callum"]
[Black "Christmas, Rosie"]
[Result "1/2-1/2"]
[WhiteElo "1082"]
[BlackElo "1039"]
[PlyCount "46"]
[EventDate "2017.04.14"]
[EventType "swiss"]
[EventRounds "7"]
[EventCountry "WLS"]
[SourceDate "2017.05.27"]

1. e4 e5 2. Nf3 d6 3. Bc4 Bg4 4. Nc3 Bxf3 5. Qxf3 Qf6 6. Qxf6 Nxf6 7. d3 Nc6 8.
Bg5 Be7 9. Bxf6 Bxf6 10. Nd5 Bd8 11. Rf1 O-O 12. O-O-O Na5 13. Kb1 Nxc4 14.
dxc4 c6 15. Ne3 Bc7 16. Rd3 g6 17. g4 Rad8 18. Rfd1 Rd7 19. c5 Rfd8 20. cxd6
Rxd6 21. Rxd6 Rxd6 22. Rxd6 Bxd6 23. Nc4 Bc7 1/2-1/2

[Event "John Bishop Minor 2017"]
[Site "Cardiff"]
[Date "2017.04.17"]
[Round "7.9"]
[White "Watkins, Peter"]
[Black "Hamadah, Muhieddin"]
[Result "1/2-1/2"]
[WhiteElo "1390"]
[BlackElo "1302"]
[PlyCount "23"]
[EventDate "2017.04.14"]
[EventType "swiss"]
[EventRounds "7"]
[EventCountry "WLS"]
[SourceDate "2017.05.27"]

1. e4 e5 2. Nf3 Nc6 3. Bb5 a6 4. Ba4 Bc5 5. c3 Nf6 6. Bc2 d6 7. d4 Ba7 8. h3
Qe7 9. O-O O-O 10. Re1 h6 11. d5 Nd8 12. Nbd2 1/2-1/2

[Event "John Bishop Minor 2017"]
[Site "Cardiff"]
[Date "2017.04.17"]
[Round "7.10"]
[White "Jaberansari, Benjamin"]
[Black "Eddershaw, John"]
[Result "0-1"]
[WhiteElo "855"]
[BlackElo "1346"]
[PlyCount "116"]
[EventDate "2017.04.14"]
[EventType "swiss"]
[EventRounds "7"]
[EventCountry "WLS"]
[SourceDate "2017.05.27"]

1. e4 b6 2. Nf3 Bb7 3. Nc3 e6 4. d4 c5 5. Bf4 d6 6. Bc4 a6 7. a4 Nd7 8. O-O Rc8
9. Re1 Be7 10. Qd3 cxd4 11. Qxd4 e5 12. Nxe5 dxe5 13. Bxe5 Nxe5 14. Qxe5 Nf6
15. Rad1 Qc7 16. Qxc7 Rxc7 17. e5 Nd7 18. Rd4 Nc5 19. Nd5 Bxd5 20. Bxd5 O-O 21.
Rc4 Kh8 22. e6 fxe6 23. Bxe6 Bf6 24. Rf4 Rd8 25. Bd5 Bxb2 26. Rc4 Rcd7 27. Bc6
Rd1 28. Kf1 R8d4 29. Rxd4 Rxe1+ 30. Kxe1 Bxd4 31. f4 Kg8 32. Ke2 Kf7 33. Kf3
Ke6 34. Be4 h6 35. f5+ Kf6 36. g4 Nxa4 37. Kf4 Nc5 38. h4 a5 39. g5+ hxg5+ 40.
hxg5+ Ke7 41. Bd5 a4 42. Kg4 a3 43. Kh5 Kf8 44. Kg6 Nd7 45. Kh7 Be5 46. Be6 Nc5
47. Ba2 b5 48. f6 gxf6 49. gxf6 Bxf6 50. Kg6 Ke7 51. Kf5 Bc3 52. Kf4 Kd6 53.
Ke3 b4 54. Ke2 Ke5 55. Kd1 Kd4 56. Kc1 Na4 57. Kb1 Bb2 58. Bb3 Nc3# 0-1

[Event "John Bishop Minor 2017"]
[Site "Cardiff"]
[Date "2017.04.17"]
[Round "7.11"]
[White "Lutchman Singh, Vedant"]
[Black "Shahameeran, Ashika"]
[Result "0-1"]
[WhiteElo "850"]
[BlackElo "850"]
[PlyCount "74"]
[EventDate "2017.04.14"]
[EventType "swiss"]
[EventRounds "7"]
[EventCountry "WLS"]
[SourceDate "2017.05.27"]

1. e4 e5 2. Nf3 Nc6 3. Bc4 Bc5 4. Nc3 Nf6 5. O-O O-O 6. d3 h6 7. Bd2 d6 8. Nd5
Nxd5 9. Bxd5 Nd4 10. Bc3 Nxf3+ 11. Qxf3 c6 12. Bc4 b5 13. Qg3 bxc4 14. Rad1 Bd4
15. Bb4 Rb8 16. c3 Bc5 17. a3 Bxb4 18. axb4 c5 19. Rb1 cxd3 20. Ra1 Rb7 21. Ra5
cxb4 22. c4 Qxa5 23. Qxd3 Rd7 24. Rc1 Ba6 25. Qc2 Rc7 26. Qe2 Bxc4 27. Qg4 Be6
28. Qd1 Bb3 29. Qd2 Bc2 30. h3 Bxe4 31. Qe2 Rxc1+ 32. Kh2 Bxg2 33. Kxg2 Qd5+
34. Qf3 e4 35. Qe3 Rfc8 36. Qxa7 Qg5+ 37. Kh2 Qg1# 0-1